000 00411nam a22001697a 4500
003 OSt
008 250417b |||||||| |||| 00| 0 eng d
020 _a9789355739018
082 _a159.072 NEE
100 _aNAUKRUG,Edward S
245 _aEssentials of Testing and assessment
250 _a3rd Ed
260 _aNew Delhi
_bCengage
_c2024
300 _a346
700 _aFAWCETT,R Charles
942 _2ddc
_cREF
999 _c13305
_d13305